000
00282nam a2200097Ia 4500
008
201231s9999 xx 000 0 und d
100
_a
Fisher, James S. (ed.)
245
0
_a
Geography and Development : A World Regional Approach
260
_a
Englewood Cliffs
_b
Prentice hall
942
_c
BK
999
_c
9296
_d
9296